LEADER 00967nam0-2200301 --450 001 9910546200603321 005 20220308155931.0 010 $z9780691199474$b(hardcover) 100 $a20220308d2021----kmuy0itay5050----ba 101 0 $aeng 105 $aa 001yy 200 1 $aDelicious$ethe evolution of flavor and how it made us human /$fRob Dunn and Monica Sanchez 210 1$aPrinceton$cPrinceton University Press$d2021 215 $aXVIII, 279 p.$cill.$d22 cm 610 0 $aGusto$aEvoluzione 610 0 $aFlavor 676 $a612.87$v23$zita 700 1$aDunn,$bRob R.$01207368 701 1$aSanchez,$bMonica$c(Anthropologist)$01207369 801 0$aIT$bUNINA$gRICA$2UNIMARC 901 $aBK 912 $a9910546200603321 952 $a60 612.87 DUNR 2021$b251/2022$fFAGBC 952 $a60 612.87 DUNR 2021 BIS$b252/2022$fFAGBC 952 $a60 612.87 DUNR 2021 TER$b253/2022$fFAGBC 959 $aFAGBC 996 $aDelicious$92784952 997 $aUNINA LEADER 04835oam 2201105 c 450 001 9910136601803321 005 20260302090207.0 010 $a9783839435588 010 $a3839435587 024 7 $a10.14361/9783839435588 035 $a(CKB)3710000000903435 035 $a(MiAaPQ)EBC4712295 035 $a(DE-B1597)473368 035 $a(OCoLC)1002232877 035 $a(OCoLC)1004880316 035 $a(OCoLC)1011447269 035 $a(OCoLC)960710709 035 $a(OCoLC)979613183 035 $a(OCoLC)987942063 035 $a(OCoLC)992489517 035 $a(OCoLC)999360272 035 $a(DE-B1597)9783839435588 035 $a(transcript Verlag)9783839435588 035 $a(Perlego)1461870 035 $a(EXLCZ)993710000000903435 100 $a20260302d2016 uy 0 101 0 $ager 135 $aurcnu|||||||| 181 $2rdacontent 182 $2rdamedia 183 $2rdacarrier 200 00$aBeseelte Dinge$eDesign aus Perspektive des Animismus$fJudith Dörrenbächer, Kerstin Plüm 205 $a1st ed. 210 $aBielefeld$ctranscript Verlag$d2016 215 $a1 online resource (169 pages) $ccolor illustrations, photographs 225 0 $aDesign 300 $aThe product world that surrounds us is increasingly anthropomorphic, designed to react and make decisions, and provokes an animated way of dealing with inanimate objects. Do we have a new form of animism ? a kind of 'techno-animism ? on our hands? What role does design play in this? Is 'animatedness' a product of design or in fact a situational emergence which originates from the interaction between humans and artifacts? In this text, culture and design scholars discuss the extent to which an object can be considered animated or possessing agency, and the anthropomorphic qualities of technology. 311 08$a9783837635584 311 08$a3837635589 320 $aIncludes bibliographical references at the end of each chapters. 327 $aFrontmatter 1 Inhalt 5 Vorwort 7 Beseelte Dinge. Design aus Perspektive des Animismus 9 Agency, Performativita?t und Magie der Dinge 25 Der Aufstand der Dinge 51 Design zwischen Anthropomorphismus und Animismus 71 Immanente Relationen 97 Acting Things 119 Beseelte Gegensta?nde oder intentionale Systeme? 135 Autopsie der Dinge 153 Autorinnen und Autoren 163 Backmatter 166 330 $aUnsere Produktwelt ist zunehmend reaktiv, anthropomorph und entscheidungsfähig gestaltet. Sie provoziert eine beseelende Umgangsweise mit Unbelebtem. Haben wir es mit einer neuen Form von Animismus, einem Techno-Animismus, zu tun? Welche Rolle spielt hier das Design? Ist Beseeltheit gestaltbar oder eigentlich eine situative Erscheinung, die ereignisbezogen im Handeln zwischen Mensch und Artefakt entsteht? In diesem Band diskutieren Kultur- und Designwissenschaftler, inwiefern ein Ding als beseelt und wirkmächtig und Technologie als menschenähnlich verstanden werden kann. 330 1 $a»Lesenswerte und differenzierte Beiträge.« 330 1 $aFür jeden, der sich ? ob praktisch oder theoretisch ? mit Design beschäftigt, bietet das Buch interessante Denkanstöße.« 330 1 $aBesprochen in:Designabilities, 12 (2016), Tom Bieling designreport, 1 (2017) 410 0$aDesign (Transcript (Firm)) ;$vBand 35. 517 2 $aDörrenbächer/Plüm (Hg.), Beseelte Dinge$eDesign aus Perspektive des Animismus 606 $aDesign 606 $aAnimismus 606 $aAnimism 606 $aSeele 606 $aSoul 606 $aKünstliche Intelligenz 606 $aArtificial Intelligence 606 $aTechnologie 606 $aTechnology 606 $aProdukt 606 $aArt 606 $aArtefakt 606 $aHuman 606 $aCultural Theory 606 $aKunst 606 $aMensch 606 $aDing 606 $aTechnik 606 $aKulturtheorie 615 4$aDesign 615 4$aAnimismus 615 4$aAnimism 615 4$aSeele 615 4$aSoul 615 4$aKünstliche Intelligenz 615 4$aArtificial Intelligence 615 4$aTechnologie 615 4$aTechnology 615 4$aProdukt 615 4$aArt 615 4$aArtefakt 615 4$aHuman 615 4$aCultural Theory 615 4$aKunst 615 4$aMensch 615 4$aDing 615 4$aTechnik 615 4$aKulturtheorie 676 $a202.1 686 $aLB 86000$2rvk 702 $aDörrenbächer$b Judith$p
Judith Dörrenbächer, Universität Siegen, Deutschland
$4edt 702 $aPlüm$b Kerstin$pKerstin Plüm, Hochschule Niederrhein, Deutschland
$4edt 801 0$bDE-B1597 801 1$bDE-B1597 906 $aBOOK 912 $a9910136601803321 996 $aBeseelte Dinge$92592069 997 $aUNINA